Антимикробные препараты в стоматологической практике (Запись № 1120544)

Подробности
000 -МАРКЕР
контрольное поле 01468nam0a2200289 4500
001 - ИДЕНТИФИКАТОР ЗАПИСИ
контрольное поле RU\NLR\bibl\801649
005 - ИДЕНТИФИКАТОР ВЕРСИИ
контрольное поле 20250614125746.0
010 ## - МЕЖДУНАРОДНЫЙ СТАНДАРТНЫЙ НОМЕР КНИГИ (ISBN)
Номер (ISBN) 5-902693-01-2
021 ## - НОМЕР ГОСУДАРСТВЕННОЙ РЕГИСТРАЦИИ
Код страны Российская Федерация
Номер 2006-33384
Номер Листа государственной регистраци 1670
035 ## - ДРУГИЕ СИСТЕМНЫЕ НОМЕРА
Идентификатор записи (NLR Aleph) 000790817
100 ## - ДАННЫЕ ОБЩЕЙ ОБРАБОТКИ
Данные общей обработки 20050519d2004 |||y0rusy50 ca
101 1# - ЯЗЫК РЕСУРСА
Язык текста, звукозаписи и т.д. русский
102 ## - СТРАНА ПУБЛИКАЦИИ ИЛИ ПРОИЗВОДСТВА
Страна публикации Российская Федерация
105 ## - ПОЛЕ КОДИРОВАННЫХ ДАННЫХ: ТЕКСТОВЫЕ МАТЕРИАЛЫ, МОНОГРАФИЧЕСКИЕ
Кодированные данные о монографическом текстовом документе a |||||||||
200 1# - ЗАГЛАВИЕ И СВЕДЕНИЯ ОБ ОТВЕТСТВЕННОСТИ
Основное заглавие Антимикробные препараты в стоматологической практике
Сведения, относящиеся к заглавию [сборник статей]
Первые сведения об ответственности ред.: Майкл Ньюман, DDS, проф. пародонтологии Стматол. фак. Ун-та штата Калифорния в Лос-Анджелесе, Лос-Анджелес, Калифорния, Арье ван Винкельхофф, PhD, проф. микробиологии Стоматол. акад. центр, Амстердам, Нидерланды
Последующие сведения об ответственности пер. Марии Лариной
210 ## - ПУБЛИКАЦИЯ, РАСПРОСТРАНЕНИЕ И ДР.
Место издания, распространения и т.д. Москва
Имя издателя, распространителя и т. д. Азбука
-- А. Островский
Дата издания, распространения и т.д. 2004
215 ## - ФИЗИЧЕСКАЯ ХАРАКТЕРИСТИКА
Специфическое обозначение материала и объем XV,328 с.
Другие сведения о физической характеристике цв. ил.
Размеры 25
320 ## - ПРИМЕЧАНИЯ О НАЛИЧИИ В ДОКУМЕНТЕ БИБЛИОГРАФИИ / УКАЗАТЕЛЯ
Текст примечания Библиогр. в конце ст.
606 1# - НАИМЕНОВАНИЕ ТЕМЫ КАК ПРЕДМЕТ
Наименование темы Антимикробные средства
Формальный подзаголовок Сборники
Тематический подзаголовок Применение в стоматологии
Системный номер авторитетной/нормативной записи 2377812
Идентификатор авторитетной/нормативной записи RU\NLR\auth\661418858
686 ## - ИНДЕКСЫ ДРУГИХ КЛАССИФИКАЦИЙ
Индекс Р66-52я43
702 #1 - ИМЯ ЛИЦА - ВТОРИЧНАЯ ОТВЕТСТВЕННОСТЬ
Начальный элемент ввода Ньюман
Часть имени, кроме начального элемента ввода М.
Расширение инициалов личного имени Майкл
Код отношения Редактор
801 #0 - ИСТОЧНИК ЗАПИСИ
Страна Российская Федерация
Организация NLR
Дата составления 20050519
Правила каталогизации rcr
801 #1 - ИСТОЧНИК ЗАПИСИ
Страна Российская Федерация
Организация NLR
Дата составления 20050519
942 ## - ДОПОЛНИТЕЛЬНЫЕ ЭЛЕМЕНТЫ ЗАПИСИ (АБИС)
Тип экземпляра АБИС Книга
980 ## - КОЛЛЕКЦИЯ
Название коллекции Национальная библиография
Экземпляры
Тип экземпляра Дата поступления Источник поступления Стоимость Библиотека постоянного хранения Библиотека текущего хранения Место хранения Шифр хранения Штрих-код Статус экземпляра
Книга 19.05.2005 Покупка 1350.00 РНБ (Московский) РНБ (Московский) Русский книжный фонд: издания с 1957 года 2005-7/2449 922957  
Книга 19.05.2005 Покупка 1350.00 РНБ (Московский) РНБ (Московский) Фонд общего зала литературы по биологии и медицине М1 Р66/А-721 1-440805  
Книга 24.01.2006 Покупка 1350.00 РНБ (Московский) РНБ (Московский) Обменный фонд, резервный   2101285  
Книга 16.06.2006 Обязательный экземпляр   РНБ (Московский) РНБ (Московский) Русский книжный фонд: издания с 1957 года 2005-7/2449 2213914  
Книга 16.06.2006 Обязательный экземпляр   РНБ (Московский) РНБ (Московский) Выбыл из РНБ в другие организации (Обменный фонд)   2213915  
Книга 19.05.2005 Покупка 1350.00 РНБ (Садовая) РНБ (Садовая) Фонд научного зала литературы по биологии и медицине М2 Р66/А-721 1-253592